A Field Guide to American Houses / (Record no. 6287)

MARC details
000 -LEADER
campo de control de longitud fija 00377nam a2200145Ia 4500
005 - FECHA Y HORA DE LA ÚLTIMA TRANSACCIÓN
campo de control 20260325234755.0
008 - DATOS DE LONGITUD FIJA--INFORMACIÓN GENERAL
campo de control de longitud fija 260325s9999||||xx |||||||||||||| ||und||
082 ## - NÚMERO DE LA CLASIFICACIÓN DECIMAL DEWEY
Número de clasificación 728.52
100 ## - ENTRADA PRINCIPAL--NOMBRE DE PERSONA
Nombre de persona McAlester, Virginia
245 #2 - MENCIÓN DEL TÍTULO
Título A Field Guide to American Houses /
Mención de responsabilidad, etc. Virginia McAlester
260 ## - PUBLICACIÓN, DISTRIBUCIÓN, ETC.
Nombre del editor, distribuidor, etc. Borzoi Books
300 ## - DESCRIPCIÓN FÍSICA
Extensión 525 p.
650 ## - PUNTO DE ACCESO ADICIONAL DE MATERIA--TÉRMINO DE MATERIA
Término de materia o nombre geográfico como elemento de entrada ARQUITECTURA RESIDENCIAL
942 ## - ELEMENTOS DE ENTRADA SECUNDARIOS (KOHA)
Tipo de ítem Koha Libros
Holdings
Estatus retirado Estado de pérdida Fuente de la clasificación o esquema de estantería Estado de daño No para préstamo Colección Biblioteca de origen Biblioteca actual Ubicación en estantería Fecha de adquisición Fuente de adquisición Número de inventario Total de préstamos Signatura topográfica completa Código de barras Visto por última vez Fecha del último préstamo Precio de reemplazo Tipo de ítem Koha
    Clasificación Decimal Dewey     General Biblioteca Gonzalo Peláez Caldas Biblioteca Gonzalo Peláez Caldas Colección general 26/03/2026 Compra 19 1 728.52 M 1172 19 26/03/2026 26/03/2026 26/03/2026 Libros